Central Library OPAC University of Rajshahi

The multilateral investment system and multinational enterprises / (Record no. 59713)

MARC details
000 -LEADER
fixed length control field 01253nam a2200313 a 4500
001 - CONTROL NUMBER
control field 59713
003 - CONTROL NUMBER IDENTIFIER
rucl marc code BD-RjUL
005 - DATE AND TIME OF LATEST TRANSACTION
control field 20211209080748.0
008 - FIXED-LENGTH DATA ELEMENTS--GENERAL INFORMATION
fixed length control field 2006-0s1998 enka b 001 0 eng
020 ## - INTERNATIONAL STANDARD BOOK NUMBER
International Standard Book Number 0198293151
International Standard Book Number 0199241104
035 ## - SYSTEM CONTROL NUMBER
System control number (BD-RjUL)59837
040 ## - CATALOGING SOURCE
Original cataloging agency DLC
Transcribing agency DLC
Modifying agency DLC
Language of cataloging eng
041 ## - LANGUAGE CODE
Language code of text/sound track or separate title eng
082 00 - DEWEY DECIMAL CLASSIFICATION NUMBER
Classification number 658.1554
Author mark and year BRM 1998
100 1# - MAIN ENTRY--PERSONAL NAME
Personal name Brewer, Thomas L.,
Dates associated with a name 1941-
9 (RLIN) 179985
245 14 - TITLE STATEMENT
Title The multilateral investment system and multinational enterprises /
Statement of responsibility, etc. Thomas L. Brewer and Stephen Young.
260 ## - PUBLICATION, DISTRIBUTION, ETC. (IMPRINT)
Place of publication, distribution, etc. Oxford ;
-- New York :
Name of publisher, distributor, etc. Oxford University Press,
Date of publication, distribution, etc. 1998.
300 ## - PHYSICAL DESCRIPTION
Pagination xvii, 301 p. :
Illustrations ill. ;
Size 25 cm.
504 ## - BIBLIOGRAPHY, ETC. NOTE
Bibliography, etc Includes bibliographical references (p. 275-286) and index.
650 #0 - SUBJECT ADDED ENTRY--TOPICAL TERM
Topical term or geographic name as entry element Investments, Foreign.
9 (RLIN) 177231
Topical term or geographic name as entry element International business enterprises
General subdivision Finance.
9 (RLIN) 179896
700 1# - ADDED ENTRY--PERSONAL NAME
Personal name Young, Stephen,
Dates associated with a name 1944-
856 42 - ELECTRONIC LOCATION AND ACCESS
Materials specified Publisher description
Uniform Resource Identifier <a href="http://www.loc.gov/catdir/enhancements/fy0606/97046978-d.html">http://www.loc.gov/catdir/enhancements/fy0606/97046978-d.html</a>
Materials specified Table of contents only
Uniform Resource Identifier <a href="http://www.loc.gov/catdir/enhancements/fy0606/97046978-t.html">http://www.loc.gov/catdir/enhancements/fy0606/97046978-t.html</a>
Materials specified Contributor biographical information
Uniform Resource Identifier <a href="http://www.loc.gov/catdir/enhancements/fy0723/97046978-b.html">http://www.loc.gov/catdir/enhancements/fy0723/97046978-b.html</a>
942 ## - ADDED ENTRY ELEMENTS (KOHA)
Source of classification or shelving scheme Dewey Decimal Classification
Koha item type Books
Holdings
Lost status Source of classification or shelving scheme Damaged status Not for loan Collection code Permanent Location Current Location Shelving location Date acquired Source of acquisition Cost, normal purchase price Total Checkouts Full call number Date last seen Copy number Koha item type
  Dewey Decimal Classification   Not For Loan Non-fiction Central Library, University of Rajshahi Central Library, University of Rajshahi Reading Room 09/05/2006 Paragogn Enterprise, Dhaka 49.50   658.1554 BRM 1998 01/01/2017 C-1 Books